Language Quiz

Random Language or Latin Quiz

Latin: Unit 02 Vocabulary (Ecce Romani) Quiz Stats

Quiz not verified by Sporcle

Challenge
Share
Tweet
Embed
Score 0/92 Timer 10:00
0 Plays Today
English definition(s) Latin word(s) % Correct
*****NOUNS
100%
*****VERBS
100%
*****ADJECTIVES
100%
*****PRONOUNS
100%
*****PREPOSITIONS
100%
*****CONJUNCTIONS
100%
*****INTERROGATIVES
100%
*****MISCELLANEOUS
100%
*****ADVERBS
99.5%
daughterfilia, -ae
77.9%
mothermater, matris
74.9%
fatherpater, patris
73.3%
gateporta, -ae
71.3%
dogcanis, canis
71.3%
brotherfrater, fratris
70.8%
horseequus, -i
69.7%
man, husbandvir, viri
68.7%
sistersoror, sororis
67.2%
road, streetvia, -ae
65.6%
nightnox, noctis
65.1%
doorkeeperianitor, ianitoris
64.1%
doorianua, -ae
63.1%
masterdominus, -i
63.1%
into, againstin (+acc.)
62.1%
in, onin (+abl.)
62.1%
sonfilius, -i
59.5%
goodbonus, -a, -um
59%
carriageraeda, -ae
58.5%
fullplenus, -a, -um
57.4%
from, out ofex or e (+abl.)
56.9%
himselfse
56.9%
English definition(s) Latin word(s) % Correct
unhappy, miserablemiser, misera, miserum
56.4%
wifeuxor, uxoris
53.3%
childeren PLliberi, -orum
52.3%
no, nonenullus, -a, -um
51.8%
all, everyone, everything PLomnes, omnia
50.3%
secondsecundus, -a, -um
48.2%
to rouse, wake (someone) upexcito, excitare
48.2%
to have, holdhabeo, habere
48.2%
Be quiet!Tace or Tacete
48.2%
to standsto, stare
47.7%
to hidecelo, celare
46.7%
to weep, crylacrimo, lacrimare
45.6%
to askrogo, rogare
45.1%
some...othersalii...alii
44.1%
to be quiettaceo, tacere
43.6%
to hurryfestino, festinare
43.1%
to trytempto, temptare
43.1%
to weargero, gerere
43.1%
his, her, its, their (own)suus, -a, -um
42.6%
to beatverbero, verberare
42.6%
to orderiubeo, iubere
42.1%
wickedscelestus, -a, -um
41.5%
to remain, staymaneo, manere
40%
to hold, possessteneo, tenere
39.5%
to be accustomed to, be in the habit ofsoleo, solere
39%
to put oninduo, induere
36.4%
to sendmitto, mittere
35.4%
withcum (+abl.)
34.9%
to drag, pulltraho, trahere
32.3%
to put, placepono, ponere
31.3%
we, usnos
31.3%
English definition(s) Latin word(s) % Correct
under, beneathsub (abl.)
31.3%
you (PL)vos
29.7%
to throwiacio, iacere
28.7%
to flee, run awayeffugio, effugere
28.2%
to, toward, ATad (+acc.)
27.7%
through, alongper (+acc.)
26.7%
nearprope (+acc.)
26.2%
to come upon, findinvenio, invenire
25.6%
bedroom, roomcubiculum
24.1%
to be awayabsum, abesse
23.6%
Where...?Ubi...?
23.1%
to go awayabeo, abire
22.1%
with memecum
21.5%
tomorrowcras
20%
himselfipse
19%
althoughquamquam
17.9%
no one, nobodynemo, neminis
16.9%
When...?Quando...?
15.4%
to bring, carryfero, ferre
14.9%
herehīc
14.9%
at that very momenteo ipso tempore
13.3%
With whom?Quocum...?
12.8%
HOW? In what way?Quomodo...?
12.8%
againiterum
12.3%
then, nextdeinde
10.8%
From where...?Unde...?
10.8%
track, trace, footprintvestigium, -i
10.8%
it is timetempus est
9.2%
Don't wake...up!Nolite...excitare!
8.2%
a certain slaveservus quidam
7.2%

You're not logged in!

Compare scores with friends on all Sporcle quizzes.
Join for Free
OR
Log In

You Might Also Like...

Show Comments

Extras

Top Quizzes Today


Score Distribution

Your Account Isn't Verified!

In order to create a playlist on Sporcle, you need to verify the email address you used during registration. Go to your Sporcle Settings to finish the process.

Report this User

Report this user for behavior that violates our Community Guidelines.

Details: